000 00571nmm a2200169Ia 4500
008 251105s9999||||xx |||||||||||||||||und||
020 _a9788437064437
041 _aspa
100 _aMartínez Dalmau, Rubén
245 0 _aEuropa y el Mediterráneo :
_b Perspectivas del diálogo euromediterráneo
264 _a[Madrid, España] :
_bPublicaciones de la Universidad de Valencia (PUV),
_c2006
300 _a174 páginas
490 _aFora de Col·lecció
650 _aEconomics and Business
856 _uhttps://public.digitaliapublishing.com/a/34913
942 _cCF
999 _c82350
_d82350